| 000 | 00923am a2200325a 44500 | ||
|---|---|---|---|
| 003 | AR-BaBNM | ||
| 005 | 20251128205952.0 | ||
| 008 | 011101s1993 #AR|||||||||||000 | spa|| | ||
| 020 | _a84-88155-28-X | ||
| 040 | _cAR-BaBNM | ||
| 100 | 1 | _aMadachy, Joseph S. | |
| 245 | 1 | 0 |
_aLas esferas doradas _by otras recreaciones matemáticas |
| 260 |
_aMadrid _bJuegos _bZugarto Ediciones _c1993 |
||
| 300 |
_a2 v. _bgráfs. |
||
| 490 | 0 |
_aDe mente _vv. 15 y 16 |
|
| 650 | 4 | _aJUEGO | |
| 650 | 4 | _aJUEGOS EDUCATIVOS | |
| 650 | 4 | _aJUEGO [METODO DE ENSEÑANZA] | |
| 650 | 4 | _aMETODOS ACTIVOS | |
| 650 | 4 | _aACTIVIDADES DE APRENDIZAJE | |
| 650 | 4 | _aMATEMATICA | |
| 650 | 4 | _aGEOMETRIA | |
| 650 | 4 | _aLOGICA | |
| 650 | 4 | _aPRUEBAS DE INTELIGENCIA | |
| 700 | 1 |
_aRosenberg, Mirta _etraductor |
|
| 700 | 1 |
_aUribe, Diego _eeditor |
|
| 800 | 1 |
_aPoniachik, Jaime _edirector |
|
| 800 | 1 |
_aSamoilovich, Daniel _edirector |
|
| 942 | _cBK | ||
| 999 |
_c13532 _d13532 |
||